00758nam a2200241Ia 4500001000600000003000900006008004100015040001300056040001300069041001300082100002900095100002900124245002900153245006500182250001100247260001200258260001500270260004900285300005700334500006200391650003200453650003100485C7220IT-RoPAU130308s9999 xx 000 0 und d aIT-RoPAU cIT-RoPAU aITALIANO aBrioschi Edoardo Teodoro gCodice Aut. SPICS: 8791 aEconomia e pubblicità  bDizionario della Pubblicità. Storia, Tecniche, Personaggi a1a ed. aBOLOGNA bZanichelli c1994 [1° Ed.:1994 - Ed.Ling.Originale:1994] a"5 p. (prefazione: no ; testo: 5 [pagine: 159-163])" aLivello Aziendale. costi Pubblicitari. Ricavi e Risparmi. aENCICLOPEDIE DI PUBBLICITA' eCodice materia Spics: 6201